Capital Cities of the Roman Empire - Statistics

General Stats
  • This quiz has been taken 25 times
  • The average score is 6 of 11
Answer Stats
Period Polity Capital % Correct
753 BC - 285 AD Kingdom, Republic, Early Empire Rome
100%
403 - 408, 450 - 457, 461 - 475 AD Rome
100%
330 - 1204, 1261 - 1453 Eastern Roman Empire Constantinople
96%
285 - 330 AD Tetrarchy Milan
65%
330 - 401 AD Late Empire and Western Roman Empire Milan
65%
401 - 403, 408 - 450, 457 - 461, 475 - 476 AD Ravenna
57%
1204 - 1261 Empire of ______ Nicaea
35%
475 - 480 AD Dalmatia (Julius Nepos) Salona
26%
Nicomedia
13%
Sirmium
13%
Trier
13%
No matching quizzes found
Score Distribution
Percent of People with Each Score
Percentile by Number Answered
Your Score History
You have not taken this quiz